Avances de Investigación 1977 (21). "Una reflexión metodológica en torno a la promoción social de los sectores populares" /
Sparad:
| Huvudupphovsman: | |
|---|---|
| Materialtyp: | Regeringsdokument Bok |
| Språk: | Spanish |
| Ämnen: | |
| Taggar: |
Lägg till en tagg
Inga taggar, Lägg till första taggen!
|
MARC
| LEADER | 00000nam a22000007a 4500 | ||
|---|---|---|---|
| 003 | cru IIS | ||
| 005 | 20220706081820.0 | ||
| 007 | ta | ||
| 008 | 220523s1990 cr |||p|r|||| 00| 0 spa d | ||
| 040 | |c cru IIS | ||
| 086 | |a REV0053 (21) 1977 | ||
| 100 | 1 | |9 8495 |a Palma Rodríguez, Diego |e Autor | |
| 245 | 1 | |a Avances de Investigación 1977 (21). |b "Una reflexión metodológica en torno a la promoción social de los sectores populares" / |c Diego Palma R. | |
| 300 | |a 82 páginas | ||
| 500 | |a Colección Centroamérica | ||
| 505 | |a Introducción / Diego Palma R. (páginas 1-4) PRIMERA PARTE: UNA APROXIMACIÓN TEÓRICA AL MÉTODO Y LA PRÁCTICA DE LA TRASNFORMACIÓN SOCIAL I. Precisiones sobre los conceptos de método y técnica / Diego Palma R. (páginas 5-8) II. Las dificultades que enfrenta la movilización social / Diego Palma R. (páginas 9-14) III. Presiciones sobre los conceptos de "clases populares" y "movilización social" / Diego Palma R. (páginas 15-|18) IV. El "actor principal del cambio" y el "agente externo" / Diego Palma R. (páginas 19-22) V. Bases epistemológicas para la movilización social / Diego Palma R. (páginas 23-30) VI. Conclusiones válidas para la práctica de transformación / Diego Palma R. (páginas 31-38) SEFUNDA PARTE: DE LAS NECESIDADES SENTIDAS A LAS TAREAS OBJETIVAS Prologó necesario / Diego Palma R. (páginas 39-40) VII. Las ventajas de organizarse a partir de los intereses sentidos / Diego Palma R. (páginas 41-46) VIII. El diagnóstico de necesidades sentidas / Diego Palma R. (páginas 47-52) IX. Las técnicas a aplicar / Diego Palma R. (páginas 53-60) X. Las bases de determinación de las tareas objetivas / Diego Palma R. (páginas 61-62) XI. Promoción social y acción social / Diego Palma R. (páginas 63-68) XII. El tránsito desde las necesidades sentidas hacia las tareas objetivas / Diego Palma R. (páginas 69-81) | ||
| 650 | 0 | |9 2531 |a PROMOCION SOCIAL | |
| 651 | 0 | |9 32 |a COSTA RICA | |
| 773 | 0 | |0 19073 |9 7523 |a Universidad de Costa Rica. |d San José, Costa Rica UCR. FCS. IIS |o 22680 |t Avances de Investigación/ | |
| 942 | |2 ddc |c PP | ||
| 999 | |c 44363 |d 44363 | ||
